[Event "Nordic Chess Championship 2019"]
[Site "Quality Sarpsborg Hotel"]
[Date "2019.06.22"]
[Round "3"]
[White "Unneland, Mathias"]
[Black "Ingebretsen, Jens E"]
[Result "0-1"]
[WhiteElo "1980"]
[BlackElo "2263"]
[PlyCount "57"]
[EventDate "2019.??.??"]

1. d4 Nf6 2. c4 e6 3. Nf3 Bb4+ 4. Bd2 Qe7 5. Nc3 Bxc3 6. Bxc3 Ne4 7. Qc2 Nxc3
8. Qxc3 O-O 9. e3 b6 10. Be2 Bb7 11. O-O d6 12. Rac1 Nd7 13. Nd2 e5 14. e4 exd4
15. Qxd4 f5 16. Rce1 c5 17. Qc3 f4 18. Bf3 Ne5 19. g3 Qf7 20. Bh1 Bc8 21. f3
Be6 22. b3 Qh5 23. Rf2 Rf6 24. Rd1 fxg3 25. hxg3 Rh6 26. Bg2 Qh2+ 27. Kf1 Qxg3
28. Ke2 Ng4 29. Ke1
0-1

[Event "Nordic Chess Championship 2019"]
[Site "Quality Sarpsborg Hotel"]
[Date "2019.06.21"]
[Round "3"]
[White "Høiom, Jonas"]
[Black "Pettersen, Morgan Buckholm"]
[Result "1/2-1/2"]
[WhiteElo "1317"]
[BlackElo "1508"]
[PlyCount "97"]
[EventDate "2019.??.??"]

1. d4 d5 2. c4 c6 3. Nc3 Nf6 4. Nf3 dxc4 5. a4 Bf5 6. g3 Nbd7 7. Bg2 e6 8. O-O
Bb4 9. Nd2 O-O 10. Nxc4 Nb6 11. Ne5 Qc7 12. e4 Bxc3 13. exf5 Bxb2 14. Bxb2 exf5
15. Re1 Rad8 16. Qc2 f4 17. Re2 fxg3 18. fxg3 Nbd5 19. Rae1 Qb6 20. Qc5 Qb3 21.
a5 Rfe8 22. Qxa7 b6 23. Qa6 Ra8 24. Qc4 Qxc4 25. Nxc4 Rxe2 26. Rxe2 bxa5 27.
Bxd5 cxd5 28. Nb6 Rb8 29. Na4 h5 30. h3 Kh7 31. Kg2 Kg6 32. Ba3 Rb3 33. Be7 Ne4
34. Nc5 Rxg3+ 35. Kh2 Rc3 36. Nxe4 dxe4 37. Rxe4 a4 38. d5 a3 39. Re2 Rb3 40.
Re1 Rb2+ 41. Kg3 a2 42. Ra1 Kf5 43. Kf3 Ke5 44. d6 Ke6 45. Ke4 f5+ 46. Kd3 Rb3+
47. Kd4 Rb2 48. Kd3 Rb3+ 49. Kd4
1/2-1/2

[Event "Nordic Chess Championship 2019"]
[Site "Quality Sarpsborg Hotel"]
[Date "2019.06.21"]
[Round "3"]
[White "Granholt, Morten"]
[Black "Haggar, Haytham"]
[Result "0-1"]
[WhiteElo "1478"]
[BlackElo "1309"]
[PlyCount "125"]
[EventDate "2019.??.??"]

1. d4 Nf6 2. Nf3 g6 3. c4 Bg7 4. g3 O-O 5. Bg2 d5 6. O-O c6 7. Nbd2 Bf5 8. cxd5
cxd5 9. b3 Nc6 10. Nh4 Bg4 11. Bb2 Qd7 12. Re1 Bh3 13. Bh1 g5 14. Nhf3 Qf5 15.
Nf1 Ne4 16. Ne3 Qe6 17. a3 f5 18. Nxg5 Qh6 19. Nxh3 Qxh3 20. Nxd5 Rad8 21. Nf4
Qh6 22. e3 Ne5 23. h3 Rd6 24. Qe2 Ng6 25. Nxg6 Rxg6 26. Kh2 Rg5 27. Rg1 Rh5 28.
Bg2 Ng5 29. Qf1 Qd6 30. f4 Nf7 31. Qe2 Qg6 32. Bf3 Rh6 33. Rac1 Nd6 34. Rc7 Bf6
35. g4 Rxh3+ 36. Kxh3 Qh6+ 37. Kg2 fxg4 38. Bd5+ Kh8 39. Kf1 Qh3+ 40. Bg2 Qh5
41. Rc5 Qg6 42. Bh1 h5 43. Bd5 g3 44. Qg2 Qb1+ 45. Rc1 Qd3+ 46. Qe2 Qg6 47. Rh1
h4 48. Rh3 Nf5 49. Be4 Rg8 50. Kg2 Kg7 51. Rc5 e6 52. Qd3 Kh6 53. Rc7 Qg4 54.
Bf3 Qg6 55. e4 Nd6 56. f5 exf5 57. Bc1+ Bg5 58. Bxg5+ Qxg5 59. Rd7 Rg6 60. d5
fxe4 61. Bxe4 Nxe4 62. Qxe4 Qd2+ 63. Kf3
0-1

[Event "Nordic Chess Championship 2019"]
[Site "Quality Sarpsborg Hotel"]
[Date "2019.06.23"]
[Round "4"]
[White "Getz, Nicolai"]
[Black "Hammer, Jon Ludvig"]
[Result "0-1"]
[WhiteElo "2380"]
[BlackElo "2645"]
[PlyCount "104"]
[EventDate "2019.??.??"]

1. c4 e5 2. Nc3 Bb4 3. Nd5 Bc5 4. Nf3 c6 5. Nc3 d6 6. e3 Bb4 7. d4 e4 8. Nd2 f5
9. Qa4 Bxc3 10. bxc3 Nf6 11. c5 d5 12. c4 O-O 13. Nb1 Be6 14. Nc3 Nbd7 15. Rb1
Qc7 16. Bd2 Kh8 17. Qb3 Rab8 18. Qa3 b6 19. cxb6 axb6 20. Qb3 Rfc8 21. Be2 Qd6
22. h3 dxc4 23. Bxc4 Bxc4 24. Qxc4 b5 25. Qe2 Nb6 26. O-O Ra8 27. Rfc1 Qe6 28.
Be1 h6 29. Qc2 Ra3 30. Rb3 Ra6 31. Nb1 Kh7 32. Bb4 Nfd5 33. Bc5 Nc4 34. Nd2
Rca8 35. Nxc4 bxc4 36. Qxc4 Rxa2 37. Rb7 Qg6 38. Rb3 f4 39. Qf1 Rd2 40. Rd1
Rxd1 41. Qxd1 f3 42. g3 Qe6 43. g4 h5 44. Kh2 Ra2 45. Qg1 Nf4 46. Rb1 Ne2 47.
Qf1 Qd7 48. Kh1 hxg4 49. hxg4 Ng3+ 50. fxg3 Qxg4 51. Be7 Qxg3 52. Bd6 Rh2#
0-1

[Event "Nordic Chess Championship 2019"]
[Site "Quality Sarpsborg Hotel"]
[Date "2019.06.23"]
[Round "4"]
[White "Westerberg, Jonathan"]
[Black "Rydström, Tom"]
[Result "1-0"]
[WhiteElo "2545"]
[BlackElo "2370"]
[PlyCount "87"]
[EventDate "2019.??.??"]

1. e4 e5 2. Nf3 Nc6 3. Bc4 Nf6 4. d4 exd4 5. e5 d5 6. Bb5 Ne4 7. Nxd4 Bc5 8.
Be3 Bd7 9. Bxc6 bxc6 10. Nd2 Qe7 11. Nxe4 dxe4 12. e6 fxe6 13. Nxc6 Bb4+ 14.
Nxb4 Qxb4+ 15. Qd2 Qxd2+ 16. Kxd2 Bc6 17. Kc3 Rf8 18. Rhd1 a6 19. Rd4 Bd5 20.
h4 Rf5 21. b3 Rd8 22. Rad1 Rd7 23. Kb2 Bc6 24. Rxd7 Bxd7 25. Rh1 h5 26. g4 hxg4
27. Rg1 Kf7 28. Rxg4 Bc6 29. c4 g6 30. Kc3 Ra5 31. Rg5 Rxg5 32. hxg5 e5 33. Kb4
Ke6 34. Kc5 Bb7 35. b4 Kd7 36. b5 Kc8 37. bxa6 Bxa6 38. Kd5 Kd7 39. a4 c6+ 40.
Kxe5 Bxc4 41. Kf6 Ke8 42. Kxg6 Kf8 43. Kh7 Bg8+ 44. Kh8
1-0

[Event "Nordic Chess Championship 2019"]
[Site "Quality Sarpsborg Hotel"]
[Date "2019.06.21"]
[Round "4"]
[White "Thorn, Eric"]
[Black "Chatalbashev, Boris"]
[Result "0-1"]
[WhiteElo "2230"]
[BlackElo "2527"]
[PlyCount "66"]
[EventDate "2019.??.??"]

1. d4 Nf6 2. c4 g6 3. Nc3 d5 4. cxd5 Nxd5 5. e4 Nxc3 6. bxc3 Bg7 7. Bc4 c5 8.
Ne2 O-O 9. O-O Nc6 10. Be3 Qc7 11. Rc1 Rd8 12. Bf4 Qd7 13. d5 Na5 14. Bd3 b5
15. c4 Nxc4 16. Bxc4 bxc4 17. Rxc4 Qb5 18. Rc2 Ba6 19. Re1 Qb4 20. Nc1 c4 21.
a3 Qa5 22. Na2 Qxa3 23. Nc3 e6 24. Bg5 Rd7 25. Qd2 exd5 26. exd5 Bb7 27. Qe3 h5
28. Qf3 Bxd5 29. Bc1 Bxf3 30. Bxa3 Bc6 31. h4 Rd3 32. Bb2 Rb8 33. Ba1 a5
0-1

[Event "Nordic Chess Championship 2019"]
[Site "Quality Sarpsborg Hotel"]
[Date "2019.06.23"]
[Round "4"]
[White "Holm, Kristian Stuvik"]
[Black "Vestby-Ellingsen, Mads"]
[Result "1-0"]
[WhiteElo "2474"]
[BlackElo "2345"]
[PlyCount "93"]
[EventDate "2019.??.??"]

1. Nf3 c5 2. e4 Nc6 3. Nc3 e5 4. Bc4 d6 5. d3 Be7 6. Nd2 Nf6 7. Nf1 Nd7 8. Nd5
Nb6 9. Nxb6 axb6 10. Ne3 O-O 11. O-O Bg5 12. c3 Kh8 13. a3 f5 14. exf5 Bxf5 15.
Nxf5 Rxf5 16. Be6 Rf8 17. Qb3 Bxc1 18. Raxc1 Rf6 19. Bd5 Qc7 20. g3 Raf8 21.
Rce1 Ne7 22. Bg2 Nc6 23. Re2 g6 24. h4 Qd8 25. Qd5 Qc7 26. b4 Ra8 27. Qb3 Rff8
28. Rfe1 Qf7 29. Bd5 Qc7 30. bxc5 bxc5 31. Rb1 Ra7 32. Reb2 Rfa8 33. Qd1 Rf8
34. h5 Nd8 35. hxg6 hxg6 36. Qg4 Kg7 37. Kg2 Rh8 38. d4 cxd4 39. cxd4 Rh5 40.
Be4 Qf7 41. Rb6 Qe6 42. Qxe6 Nxe6 43. Rxd6 Nxd4 44. Rxg6+ Kf7 45. Rgb6 Kf8 46.
Rxb7 Rxa3 47. Bg6
1-0

[Event "Nordic Chess Championship 2019"]
[Site "Quality Sarpsborg Hotel"]
[Date "2019.06.23"]
[Round "4"]
[White "Tunge, Christian"]
[Black "Gretarsson, Helgi Ass"]
[Result "0-1"]
[WhiteElo "2027"]
[BlackElo "2433"]
[PlyCount "76"]
[EventDate "2019.??.??"]

1. c4 e5 2. g3 h5 3. h4 Nc6 4. Bg2 Bc5 5. Nc3 d6 6. a3 a5 7. Rb1 Nge7 8. d3 Bg4
9. Bg5 f6 10. Bd2 Qd7 11. Nd5 Nxd5 12. cxd5 Ne7 13. b4 axb4 14. axb4 Bb6 15.
Qb3 Qa4 16. Qxa4+ Rxa4 17. Nf3 Ra2 18. Rd1 Kf7 19. O-O Rha8 20. e4 R8a3 21. Be3
Bxe3 22. fxe3 Ke8 23. d4 Rxe3 24. Rde1 Rxg2+ 25. Kxg2 Bxf3+ 26. Kf2 Rxe1 27.
Rxe1 Bg4 28. dxe5 dxe5 29. Ra1 Nc8 30. Ra8 Ke7 31. Ke3 Kd7 32. Rb8 b6 33. Ra8
g6 34. Rb8 f5 35. d6 Nxd6 36. Rg8 Nxe4 37. Rxg6 Nxg3 38. b5 f4+
0-1

[Event "Nordic Chess Championship 2019"]
[Site "Quality Sarpsborg Hotel"]
[Date "2019.06.23"]
[Round "4"]
[White "Øgaard, Leif"]
[Black "Sahl, Sheila Barth"]
[Result "1/2-1/2"]
[WhiteElo "2385"]
[BlackElo "2127"]
[PlyCount "150"]
[EventDate "2019.??.??"]

1. c4 Nf6 2. Nf3 g6 3. Nc3 d5 4. d4 Bg7 5. Bf4 O-O 6. e3 c5 7. dxc5 Ne4 8. Rc1
Nd7 9. cxd5 Qa5 10. Bc4 Nxc3 11. bxc3 Bxc3+ 12. Ke2 Nxc5 13. Qc2 Bg7 14. d6 Ne6
15. Bg3 exd6 16. Bxd6 Rd8 17. Rhd1 Bd7 18. Be7 Rdc8 19. Rxd7 b5 20. Qd2 Qxd2+
21. Nxd2 bxc4 22. Rxc4 Rcb8 23. Rc2 h5 24. Ne4 Rb5 25. Nf6+ Kh8 26. Nd5 a6 27.
Bf6 Rab8 28. f4 Ra5 29. Kf3 Kh7 30. Bxg7 Kxg7 31. h3 Rb1 32. Nc7 Nf8 33. Ne8+
Kg8 34. Re7 Rf1+ 35. Kg3 h4+ 36. Kxh4 g5+ 37. Kg4 gxf4 38. exf4 Rxf4+ 39. Kxf4
Ng6+ 40. Kg4 Nxe7 41. Nf6+ Kg7 42. Nh5+ Kh6 43. Nf4 f5+ 44. Kg3 Ra3+ 45. Kh2
Ng8 46. Ne6 Nf6 47. Rf2 Kg6 48. Nd4 Ra5 49. Nc6 Rc5 50. Nd4 Ra5 51. Rc2 Ra4 52.
Nc6 f4 53. Rc4 Rxc4 54. Ne5+ Kf5 55. Nxc4 Ke4 56. Kg1 Kd4 57. Na5 Ne4 58. Kf1
Nc3 59. Kf2 Ke4 60. a3 Nd1+ 61. Ke2 Nc3+ 62. Kf1 Nb1 63. Nc4 Kd4 64. h4 Kxc4
65. h5 Nd2+ 66. Ke2 Ne4 67. Kf3 Nf6 68. h6 Kd5 69. Kxf4 Ke6 70. g4 Nd5+ 71. Kg5
Kf7 72. Kf5 Ne3+ 73. Kf4 Nc4 74. Kf5 Ne3+ 75. Kf4 Nc4
1/2-1/2

[Event "Nordic Chess Championship 2019"]
[Site "Quality Sarpsborg Hotel"]
[Date "2019.06.23"]
[Round "4"]
[White "Stellas, Dimitrios"]
[Black "Lindgren, Philip"]
[Result "0-1"]
[WhiteElo "1976"]
[BlackElo "2384"]
[PlyCount "215"]
[EventDate "2019.??.??"]

1. d4 Nf6 2. Bf4 d5 3. e3 c5 4. c3 Nc6 5. Nd2 cxd4 6. exd4 Bf5 7. Ngf3 e6 8.
Qb3 Qc8 9. h3 Be7 10. Be2 h6 11. Ne5 Nxe5 12. Bxe5 O-O 13. O-O Qc6 14. Qb5 Qc8
15. a4 Nd7 16. Bg3 a6 17. Qb3 Qc6 18. Rfc1 Bd6 19. Nf1 Bxg3 20. Nxg3 Bg6 21. a5
Rac8 22. Nf1 Nf6 23. Nd2 Rc7 24. Qb4 Rfc8 25. Nf3 Qe8 26. Ne5 Bf5 27. Re1 Ne4
28. Qa4 Qe7 29. Nf3 Qf6 30. Rf1 Ng5 31. Nxg5 Qxg5 32. f4 Qg3 33. Rf3 Qh4 34.
Qd1 Be4 35. Rf2 Qg3 36. Qd2 Kh8 37. Bf1 Rg8 38. Re1 g5 39. fxg5 Rxg5 40. Qf4
Qxf4 41. Rxf4 f5 42. Re3 Rcg7 43. Rf2 h5 44. h4 Rg4 45. Rh3 f4 46. Kh2 Kh7 47.
Kh1 Kh6 48. Kh2 Kg6 49. Be2 Kf5 50. Bf3 Rg3 51. Re2 Rxh3+ 52. Kxh3 Rg3+ 53. Kh2
Bxf3 54. gxf3 Rxf3 55. Re5+ Kg4 56. Rxe6 Rf2+ 57. Kg1 Rxb2 58. Re5 Rc2 59. Rxd5
Rxc3 60. Rd7 Rc1+ 61. Kf2 Rc2+ 62. Kg1 Ra2 63. Rxb7 Rxa5 64. Ra7 Kxh4 65. Kg2
Kg4 66. d5 Ra2+ 67. Kg1 Kg3 68. Rg7+ Kf3 69. Ra7 h4 70. d6 Kg3 71. Rg7+ Kf3 72.
Ra7 Rg2+ 73. Kh1 Ra2 74. Kg1 a5 75. Ra8 Rg2+ 76. Kh1 Rd2 77. Rxa5 Rxd6 78. Ra3+
Kg4 79. Kg2 Rd2+ 80. Kh1 h3 81. Ra8 Rd1+ 82. Kh2 Rd2+ 83. Kh1 Rg2 84. Ra7 Rg3
85. Kh2 Rg2+ 86. Kh1 Rb2 87. Ra8 Kg3 88. Rg8+ Kf3 89. Rh8 Kg4 90. Rg8+ Kf3 91.
Rh8 Kg4 92. Rg8+ Kf5 93. Rf8+ Ke4 94. Re8+ Kd4 95. Rf8 Ke4 96. Re8+ Kd4 97. Rf8
Rf2 98. Kg1 Ke3 99. Re8+ Kf3 100. Rf8 Rg2+ 101. Kh1 Rg5 102. Ra8 Kg3 103. Rf8
f3 104. Rf7 Rg4 105. Rf8 f2 106. Rf7 Rf4 107. Rg7+ Kf3 108. Rg3+
0-1

[Event "Nordic Chess Championship 2019"]
[Site "Quality Sarpsborg Hotel"]
[Date "2019.06.23"]
[Round "4"]
[White "Ernst, Thomas"]
[Black "Sjøberg, Isak"]
[Result "1-0"]
[WhiteElo "2342"]
[BlackElo "2222"]
[PlyCount "67"]
[EventDate "2019.??.??"]

1. d4 Nf6 2. c4 g6 3. Nc3 Bg7 4. e4 d6 5. f3 O-O 6. Be3 c5 7. Nge2 Nc6 8. d5
Ne5 9. Ng3 e6 10. Be2 exd5 11. cxd5 a6 12. a4 h5 13. O-O Bd7 14. h3 h4 15. Nh1
b5 16. Bg5 c4 17. Bxh4 Qb8 18. Qd2 Rc8 19. Bf2 b4 20. Nd1 Kh7 21. Bd4 Bh6 22.
Qe1 Nh5 23. f4 Nd3 24. Bxd3 cxd3 25. f5 g5 26. Qd2 Nf4 27. Rxf4 gxf4 28. Qxd3
Qc7 29. Qf3 Qc4 30. Bf6 Rg8 31. Ndf2 Qc5 32. Kh2 Raf8 33. Ng4 Bg5 34. Bxg5
1-0

[Event "Nordic Chess Championship 2019"]
[Site "Quality Sarpsborg Hotel"]
[Date "2019.06.23"]
[Round "4"]
[White "Haugli, Petter"]
[Black "Kreken, Eivind Grunt"]
[Result "1-0"]
[WhiteElo "2223"]
[BlackElo "1784"]
[PlyCount "65"]
[EventDate "2019.??.??"]

1. c4 c5 2. Nc3 Nf6 3. g3 d5 4. cxd5 Nxd5 5. Bg2 Nc7 6. Nf3 Nc6 7. O-O e5 8. d3
Be7 9. Nd2 Bd7 10. Nc4 f6 11. f4 b5 12. Ne3 exf4 13. Rxf4 O-O 14. Nf5 g6 15.
Nxe7+ Qxe7 16. Rf2 Rab8 17. Bh6 Rfc8 18. Ne4 Nd5 19. Qf1 f5 20. Bg5 Qf8 21. Nc3
Nxc3 22. bxc3 Be6 23. e4 Qg7 24. exf5 gxf5 25. Bf4 Rb7 26. Re1 Qd7 27. Be3 Qd6
28. Bxc5 Qd7 29. Qe2 Bd5 30. Bh3 Qg7 31. Bxf5 Rd8 32. Be6+ Bxe6 33. Qxe6+
1-0

[Event "Nordic Chess Championship 2019"]
[Site "Quality Sarpsborg Hotel"]
[Date "2019.06.23"]
[Round "4"]
[White "Abdrlauf, Elham"]
[Black "Tenold, Andreas"]
[Result "1-0"]
[WhiteElo "2207"]
[BlackElo "1959"]
[PlyCount "87"]
[EventDate "2019.??.??"]

1. e4 c5 2. Nf3 g6 3. d4 cxd4 4. Nxd4 Nc6 5. Nc3 Bg7 6. Be3 Nf6 7. Bc4 O-O 8.
Bb3 d6 9. f3 Bd7 10. Qd2 Nxd4 11. Bxd4 b5 12. h4 a5 13. h5 a4 14. Bd5 b4 15.
Ne2 Rc8 16. hxg6 hxg6 17. Bxf6 exf6 18. Nf4 f5 19. Nxg6 Qf6 20. Nxf8 Qxb2 21.
O-O Rxc2 22. Rab1 Rxd2 23. Rxb2 Rxb2 24. Nxd7 fxe4 25. fxe4 b3 26. axb3 a3 27.
b4 a2 28. Bxf7+ Kh8 29. Bxa2 Rxa2 30. Rb1 Ra7 31. Nb8 Rb7 32. Nc6 Rb5 33. Kf2
Kg8 34. Ne7+ Kf7 35. Nd5 Bd4+ 36. Ke2 Ba7 37. Kd3 Rb7 38. Rf1+ Kg7 39. Rc1 Bb8
40. Rc6 Rd7 41. b5 Kg6 42. b6 Kg5 43. Rc8 Rb7 44. Kc4
1-0

[Event "Nordic Chess Championship 2019"]
[Site "Quality Sarpsborg Hotel"]
[Date "2019.06.23"]
[Round "4"]
[White "Wahlund, Max"]
[Black "Henriksen, Morgan"]
[Result "1-0"]
[WhiteElo "2103"]
[BlackElo "1717"]
[PlyCount "67"]
[EventDate "2019.??.??"]

1. Nf3 c5 2. g3 d6 3. Bg2 e5 4. O-O Nf6 5. b4 c4 6. d3 cxd3 7. exd3 Be7 8. c4
O-O 9. Bb2 Nbd7 10. Nc3 Rb8 11. d4 exd4 12. Qxd4 Qb6 13. Nd5 Qd8 14. Rae1 Re8
15. Nxe7+ Rxe7 16. Qxd6 Rxe1 17. Rxe1 Qb6 18. Qxb6 Nxb6 19. Bxf6 gxf6 20. Re8+
Kg7 21. Nd2 Ra8 22. c5 Be6 23. Rxa8 Nxa8 24. Bxb7 Nc7 25. a4 Kf8 26. b5 Ke7 27.
b6 axb6 28. cxb6 Nd5 29. a5 Kd8 30. Ne4 h6 31. Nc5 h5 32. Nxe6+ fxe6 33. Bxd5
exd5 34. a6
1-0

[Event "Nordic Chess Championship 2019"]
[Site "Quality Sarpsborg Hotel"]
[Date "2019.06.23"]
[Round "4"]
[White "Hamre, Kenneth"]
[Black "Strand, Vetle Bjørge"]
[Result "0-1"]
[WhiteElo "2033"]
[BlackElo "1609"]
[PlyCount "120"]
[EventDate "2019.??.??"]

1. e4 e6 2. d4 d5 3. Nc3 Nf6 4. Bg5 Be7 5. e5 Nfd7 6. h4 c5 7. Nf3 cxd4 8. Qxd4
Nc6 9. Qf4 a6 10. O-O-O b5 11. Bd3 Nc5 12. Be4 Qc7 13. Bxd5 exd5 14. Nxd5 Qb7
15. h5 h6 16. Bh4 Bxh4 17. Rxh4 Ne7 18. Ne3 Be6 19. g4 Nd5 20. Nxd5 Bxd5 21.
Nd4 Ne6 22. Nxe6 fxe6 23. g5 Qf7 24. Qb4 hxg5 25. Rhd4 Rc8 26. f4 Qc7 27. Qd2
gxf4 28. Rxf4 Rf8 29. Rxf8+ Kxf8 30. h6 gxh6 31. Qxh6+ Ke7 32. Qg7+ Kd8 33.
Qf8+ Kd7 34. Qf7+ Kc6 35. Qf4 Kb6 36. c3 Qc5 37. Rd4 Bxa2 38. Rd6+ Rc6 39. Qf8
Qe3+ 40. Rd2 Bb3 41. Qd8+ Rc7 42. Qb8+ Rb7 43. Qd8+ Ka7 44. Qd4+ Qxd4 45. Rxd4
Bd5 46. b4 Rc7 47. Kd2 Rc4 48. Rd3 Re4 49. Rg3 Rxe5 50. Rg7+ Kb6 51. Rd7 Bc6
52. Rg7 Rf5 53. Ke3 Re5+ 54. Kd3 Rd5+ 55. Ke3 Rd7 56. Rg5 Re7 57. Re5 Kc7 58.
Rg5 Kd6 59. Rg6 Kd5 60. Rg4 e5
0-1

[Event "Nordic Chess Championship 2019"]
[Site "Quality Sarpsborg Hotel"]
[Date "2019.06.23"]
[Round "4"]
[White "Nilsen, Tobias Lang"]
[Black "Nizar, Siako"]
[Result "1-0"]
[WhiteElo "1986"]
[BlackElo "1209"]
[PlyCount "47"]
[EventDate "2019.??.??"]

1. e4 e5 2. Nf3 Nf6 3. Nc3 Nc6 4. Bb5 d6 5. d4 exd4 6. Nxd4 Bd7 7. O-O Ne5 8.
Be2 Ng6 9. Be3 Be7 10. f4 Qc8 11. Kh1 Bg4 12. Nf3 Bxf3 13. Bxf3 h5 14. Qd2 Qd7
15. Rad1 a6 16. a4 Rb8 17. Qe2 Qc8 18. Nd5 Ng4 19. Bd4 Rh7 20. e5 Kf8 21. Be4
dxe5 22. fxe5 Qd7 23. Nxe7 Qxe7 24. Bxg6
1-0

[Event "Nordic Chess Championship 2019"]
[Site "Quality Sarpsborg Hotel"]
[Date "2019.06.23"]
[Round "4"]
[White "Eiding, Amanda Mai Irgens"]
[Black "Granholt, Morten"]
[Result "1-0"]
[WhiteElo "1655"]
[BlackElo "1478"]
[PlyCount "67"]
[EventDate "2019.??.??"]

1. e4 c5 2. Nc3 d6 3. f4 Nc6 4. Nf3 Nf6 5. Bc4 Bg4 6. h3 Bxf3 7. Qxf3 Nd4 8.
Bb5+ Nc6 9. d3 Qc7 10. Nd5 Nxd5 11. exd5 Qa5+ 12. Bd2 Qxb5 13. dxc6 bxc6 14. c4
Qa6 15. O-O g6 16. Bc3 f6 17. Rae1 Bg7 18. f5 Rf8 19. fxg6 hxg6 20. Qe4 e5 21.
Qxg6+ Rf7 22. h4 Qb7 23. h5 O-O-O 24. g4 Qd7 25. Rf5 Rh8 26. g5 Bh6 27. Bd2 Bf8
28. h6 Qe6 29. Ref1 Be7 30. R1f2 Rff8 31. h7 Qf7 32. Qxf7 Rxf7 33. g6 Rg7 34.
Rg2
1-0

[Event "Nordic Chess Championship 2019"]
[Site "Quality Sarpsborg Hotel"]
[Date "2019.06.24"]
[Round "5"]
[White "Hammer, Jon Ludvig"]
[Black "Urkedal, Frode Olav Olsen"]
[Result "1/2-1/2"]
[WhiteElo "2645"]
[BlackElo "2525"]
[PlyCount "80"]
[EventDate "2019.??.??"]

1. d4 Nf6 2. Nf3 e6 3. Bf4 b6 4. e3 Bb7 5. Bd3 Be7 6. h3 O-O 7. Nbd2 d5 8. O-O
c5 9. c3 Bd6 10. Qe2 Nc6 11. a3 Re8 12. Ne5 Qc7 13. Nxc6 Bxc6 14. Bxd6 Qxd6 15.
f4 Ne4 16. Nxe4 dxe4 17. Ba6 cxd4 18. cxd4 Rab8 19. Bb5 Rec8 20. Rac1 g6 21.
Bxc6 Rxc6 22. Qa6 Qc7 23. Rxc6 Qxc6 24. Qxa7 Rc8 25. Qa6 b5 26. Qxc6 Rxc6 27.
Ra1 Rc2 28. b3 Rc3 29. a4 Rxb3 30. a5 Rc3 31. a6 Rc8 32. Rb1 Ra8 33. Rxb5 Rxa6
34. d5 exd5 35. Rxd5 Ra3 36. Kf2 Ra2+ 37. Kf1 Kg7 38. Rd4 f5 39. Rd7+ Kf6 40.
Rxh7 Ra1+
1/2-1/2

[Event "Nordic Chess Championship 2019"]
[Site "Quality Sarpsborg Hotel"]
[Date "2019.06.24"]
[Round "5"]
[White "Gretarsson, Helgi Ass"]
[Black "Westerberg, Jonathan"]
[Result "1/2-1/2"]
[WhiteElo "2433"]
[BlackElo "2545"]
[PlyCount "98"]
[EventDate "2019.??.??"]

1. Nf3 Nf6 2. g3 d5 3. Bg2 e6 4. O-O Be7 5. d4 O-O 6. c4 dxc4 7. Qc2 a6 8. a4
b6 9. Ne5 Ra7 10. Rd1 Bb7 11. e4 Nc6 12. Nxc6 Bxc6 13. Nc3 Bb7 14. d5 e5 15.
Qe2 Bc5 16. Qxc4 a5 17. Qe2 Ba6 18. Qc2 Ne8 19. b3 Nd6 20. Ba3 Bxa3 21. Rxa3
Ra8 22. Ra2 Qe7 23. Qc1 Rad8 24. Rc2 Nb7 25. Bf1 Bxf1 26. Kxf1 Nc5 27. Qa3 Qd7
28. b4 axb4 29. Qxb4 f5 30. exf5 Qxf5 31. Re2 Qf3 32. Kg1 Nxa4 33. Qxa4 Qxc3
34. Qe4 Qb3 35. Red2 Rde8 36. Rc1 Re7 37. Rdc2 Rd8 38. Rxc7 Rxc7 39. Rxc7 Qd1+
40. Kg2 Qxd5 41. Qxd5+ Rxd5 42. Rb7 Rb5 43. Kf3 Kf8 44. Ke4 Rb2 45. Kxe5 Rxf2
46. Rxb6 Rxh2 47. g4 Rf2 48. g5 Kf7 49. Ra6 Rf1
1/2-1/2

[Event "Nordic Chess Championship 2019"]
[Site "Quality Sarpsborg Hotel"]
[Date "2019.06.24"]
[Round "5"]
[White "Chatalbashev, Boris"]
[Black "Dragicevic, Drazen"]
[Result "1/2-1/2"]
[WhiteElo "2527"]
[BlackElo "2359"]
[PlyCount "78"]
[EventDate "2019.??.??"]

1. d4 d5 2. c4 c6 3. Nf3 Nf6 4. g3 Bf5 5. Nc3 e6 6. Nh4 Bg4 7. h3 Bh5 8. Qb3
Qb6 9. c5 Qxb3 10. axb3 e5 11. dxe5 Nfd7 12. b4 Nxe5 13. f4 g5 14. fxg5 Na6 15.
Ra4 O-O-O 16. Nf5 Bg6 17. g4 h5 18. Bf4 Re8 19. Kf2 hxg4 20. Nd6+ Bxd6 21. cxd6
d4 22. Nd1 Bc2 23. Ra1 Nxb4 24. Rxa7 Ng6 25. Bg3 Nd5 26. Bg2 Ndf4 27. Bxf4 Nxf4
28. Bxc6 bxc6 29. d7+ Kb8 30. dxe8=Q+ Rxe8 31. Rxf7 Nxh3+ 32. Kg3 Nxg5 33. Rg7
Ne4+ 34. Kf4 g3 35. b4 Rf8+ 36. Ke5 Nf2 37. Rg1 Bxd1 38. R1xg3 Bxe2 39. Kxd4
Bb5
1/2-1/2

[Event "Nordic Chess Championship 2019"]
[Site "Quality Sarpsborg Hotel"]
[Date "2019.06.24"]
[Round "5"]
[White "Notkevich, Benjamin Arvola"]
[Black "Ernst, Thomas"]
[Result "1-0"]
[WhiteElo "2485"]
[BlackElo "2342"]
[PlyCount "69"]
[EventDate "2019.??.??"]

1. e4 e5 2. Nf3 Nc6 3. Nc3 Nf6 4. d4 exd4 5. Nxd4 Bb4 6. Nxc6 bxc6 7. Bd3 d5 8.
exd5 cxd5 9. O-O O-O 10. h3 Rb8 11. Qf3 Re8 12. Bf4 Ba5 13. Rad1 Rxb2 14. Nxd5
Nxd5 15. Bxh7+ Kxh7 16. Rxd5 Qf6 17. Qh5+ Kg8 18. Be5 Qa6 19. Rfd1 Rb6 20. Rd8
Qb5 21. R1d5 c5 22. Rxc8 Rxc8 23. Qg4 Rg6 24. Qxc8+ Kh7 25. Bf4 Qe2 26. Qxc5
Bb6 27. Rh5+ Rh6 28. Qf5+ Kg8 29. Qc8+ Kh7 30. Qf5+ Kg8 31. Bxh6 g6 32. Qc8+
Kh7 33. Bg7+ gxh5 34. Qh8+ Kg6 35. Qh6+
1-0

[Event "Nordic Chess Championship 2019"]
[Site "Quality Sarpsborg Hotel"]
[Date "2019.06.24"]
[Round "5"]
[White "Øgaard, Leif"]
[Black "Altarbosh, Ward"]
[Result "1-0"]
[WhiteElo "2385"]
[BlackElo "2250"]
[PlyCount "71"]
[EventDate "2019.??.??"]

1. Nf3 d5 2. d4 Nc6 3. c4 Bg4 4. cxd5 Bxf3 5. gxf3 Qxd5 6. e3 e5 7. Nc3 Bb4 8.
Bd2 Bxc3 9. bxc3 exd4 10. cxd4 Nf6 11. Bg2 O-O 12. O-O Rfe8 13. Rb1 Rad8 14.
Qb3 Qf5 15. Rbc1 Rd6 16. Rc5 Qg6 17. Qc2 Qh6 18. f4 Qh4 19. Qf5 h6 20. f3 b6
21. Be1 Qxe1 22. Rxe1 bxc5 23. Qxc5 Nxd4 24. Qxc7 Rde6 25. Qc5 Nc6 26. Rd1 Ne7
27. e4 Rb6 28. f5 Nc6 29. Rd2 Ne5 30. Kf2 Nh5 31. Qc7 Ra6 32. Bf1 Ra3 33. Be2
Kh7 34. Qc5 Ra4 35. Qb5 Ng4+ 36. fxg4
1-0

[Event "Nordic Chess Championship 2019"]
[Site "Quality Sarpsborg Hotel"]
[Date "2019.06.24"]
[Round "5"]
[White "Lindgren, Philip"]
[Black "Abdrlauf, Elham"]
[Result "1-0"]
[WhiteElo "2384"]
[BlackElo "2207"]
[PlyCount "129"]
[EventDate "2019.??.??"]

1. d4 Nf6 2. c4 e6 3. g3 d5 4. Nf3 Bb4+ 5. Bd2 Be7 6. Bg2 O-O 7. O-O Nbd7 8.
Qc2 c6 9. Bf4 b6 10. Ne5 Nxe5 11. dxe5 Nd7 12. cxd5 cxd5 13. Rd1 g5 14. Bd2
Nxe5 15. Bc3 Ng6 16. e4 Bb7 17. exd5 Bxd5 18. Bxd5 exd5 19. Qf5 Qc8 20. Rxd5
Qxf5 21. Rxf5 Rac8 22. Nd2 Rc5 23. Rxc5 bxc5 24. Re1 Rd8 25. Re4 f5 26. Ra4 Rd7
27. Ra6 Kf7 28. Kf1 g4 29. Nc4 f4 30. gxf4 Rd1+ 31. Ke2 Rh1 32. f5 Nf4+ 33. Ke3
Nd5+ 34. Ke4 Nxc3+ 35. bxc3 Rxh2 36. Ne5+ Ke8 37. f6 Rxf2 38. Nxg4 Rg2 39. Kf3
Rc2 40. fxe7 Rxc3+ 41. Ke4 Rc4+ 42. Kf5 Kxe7 43. Rxa7+ Kd8 44. Ne3 Rh4 45. Ke5
Kc8 46. Kd5 Rh1 47. Kxc5 h5 48. Kb4 h4 49. Rh7 h3 50. Ka3 Kd8 51. Ng4 Rg1 52.
Ne5 Rg3+ 53. Kb4 Kc8 54. a4 Re3 55. Nc4 Re6 56. Rxh3 Kb7 57. Kb5 Re1 58. Rh7+
Kb8 59. Rh8+ Ka7 60. Rh7+ Kb8 61. a5 Ka8 62. Nb6+ Kb8 63. Rh8+ Kc7 64. Rc8+ Kd6
65. Rc6+
1-0

[Event "Nordic Chess Championship 2019"]
[Site "Quality Sarpsborg Hotel"]
[Date "2019.06.24"]
[Round "5"]
[White "Vitenberg, Noam Aviv"]
[Black "Getz, Nicolai"]
[Result "1-0"]
[WhiteElo "2256"]
[BlackElo "2380"]
[PlyCount "113"]
[EventDate "2019.??.??"]

1. d4 d6 2. Nf3 f5 3. g3 Nf6 4. Bg2 g6 5. O-O Bg7 6. b3 O-O 7. Bb2 Ne4 8. Nbd2
c5 9. c3 Nc6 10. Qc2 Nxd2 11. Qxd2 e5 12. dxe5 dxe5 13. Rfd1 Qe7 14. Qd6 e4 15.
Qxe7 Nxe7 16. Ng5 h6 17. Nh3 g5 18. Kh1 Be6 19. Rd6 Kf7 20. Rad1 Be5 21. R6d2
c4 22. bxc4 Rac8 23. f4 Bf6 24. fxg5 hxg5 25. e3 Rxc4 26. Bf1 Rc6 27. c4 Rfc8
28. g4 fxg4 29. Nf2 Bxb2 30. Rxb2 Bxc4 31. Bxc4+ Rxc4 32. Rxb7 Rc1 33. Rxc1
Rxc1+ 34. Kg2 Rc2 35. Rxa7 Ke6 36. Ra6+ Kf5 37. Kg3 Rc1 38. Nxg4 Rg1+ 39. Kh3
Ng8 40. a4 Ra1 41. a5 Rg1 42. Rb6 Rf1 43. a6 Ra1 44. Kg3 Rg1+ 45. Kf2 Ra1 46.
h3 Ra2+ 47. Ke1 Ra3 48. Kd2 Rd3+ 49. Kc2 Ra3 50. Kb2 Ra4 51. Kb3 Ra1 52. Rc6
Rb1+ 53. Kc4 Rb2 54. Kc5 Ra2 55. Kb6 Rb2+ 56. Kc7 Ra2 57. Kb7
1-0